000
00320nam a2200157Ia 4500
100
_a
Black/ E.J
650
_a
Electrical Engineering
942
_c
BK
654
_a
Radio Values
245
_a
Radio Values
260
_b
Philips
_a
London
082
_a
621.3
_b
Bla
300
_a
126
546
_a
ENGLISH
999
_c
26154
_d
26154